000 01048nam0a22002651 4500
001 rc\3024411
005 20250806201457.0
035 _a(NLR Aleph) 007166029
090 _a24421
_c24421
100 _a20110928d1945 u y0rusy50 ca
101 0 _arus
102 _aRU
105 _ay z |||||
200 1 _aОпыт работы передовиков животноводства Саратовской области
_e[Сборник статей]
_fСарат. обл. науч.-исслед. станция животноводства
210 _a[Саратов]
_cСарат. обл. изд-во
_d1945
_gтип. № 1 Полиграфиздата
215 _a47 с.
_d14 см
300 _aБез обл.
712 0 2 _aСаратовская опытная станция по животноводству
_4570
801 0 _aRU
_bNLR
_gpsbo
801 1 _aRU
_bELAR
_2rusmarc
852 _aNLR
_bС
_j90 Г-2/234
942 _cBOOK
945 _aРоссийская национальная библиотека
980 _aNB
980 _aBV